00469 2200181 4500001002100000005001500021008004100036035002000077082000800097084001400105100002300119245008600142250000600228260001500234300001200249650001400261990001200275INLIS00000000000005320240502103124240502 0 ind  a0010-0424000029 a200 a200 SUL q aH. Sulaiman M.S.Ag1 aQada & Qadar ( Menyingkap Misteri Dibalik Ketetapan Ilahi ) /cH. Sulaiman M.S.Ag a1 bAl- Basith a198 hlm 4aNon Fiksi a0737328